[Event "FIDE World Rapid-ch Open 2018"]
[White "Borisenko, Viacheslav"]
[Black "Golubov, Saveliy"]
[Site "St. Petersburg"]
[Round "14.86"]
[Annotator "ChessBase"]
[Result "1/2-1/2"]
[Date "2018.12.28"]
[WhiteElo "2289"]
[BlackElo "2482"]
[PlyCount "66"]
[TimeControl "900+10"]

1. e4 {[%emt 0:0:0]} c5 {[%emt 0:0:0]} 2. Nf3 {[%emt 0:0:0]} e6 {[%emt 0:0:0]} 3. c3 {[%emt 0:0:0]} d5 {[%emt 0:0:0]} 4. exd5 {[%emt 0:0:0]} exd5 {[%emt 0:0:0]} 5. d4 {[%emt 0:0:0]} Nf6 {[%emt 0:0:0]} 6. Be2 {[%emt 0:0:16]
} Nc6 {[%emt 0:0:0]} 7. 0-0 {[%emt 0:0:3]} h6 {[%emt 0:0:25]
} 8. Re1 {[%emt 0:0:45]} Bd6 {[%emt 0:0:5]} 9. Bd3+ {[%emt 0:1:1]} Be6 {[%emt 0:0:2]
} 10. dxc5 {[%emt 0:0:7]} Bxc5 {[%emt 0:0:4]} 11. Be3 {[%emt 0:0:11]
} Bxe3 {[%emt 0:0:16]} 12. Rxe3 {[%emt 0:0:1]} 0-0 {[%emt 0:0:0]} 13. Nbd2 {[%emt 0:0:28]} d4 {[%emt 0:0:14]} 14. cxd4 {[%emt 0:0:14]} Nxd4 {[%emt 0:0:2]} 15. h3 {[%emt 0:3:57]} Nf5 {[%emt 0:0:28]} 16. Bxf5 {[%emt 0:0:5]
} Bxf5 {[%emt 0:0:2]} 17. Nb3 {[%emt 0:0:25]} Qxd1+ {[%emt 0:0:0]} 18. Rxd1 {[%emt 0:0:2]} Rfd8 {[%emt 0:0:2]} 19. Rxd8+ {[%emt 0:0:0]} Rxd8 {[%emt 0:0:1]} 20. Re7 {[%emt 0:0:7]} Rd1+ {[%emt 0:0:15]} 21. Re1 {[%emt 0:0:34]} Rd7 {[%emt 0:0:1]} 22. a3 {[%emt 0:0:37]} b6 {[%emt 0:0:0]} 23. Ne5 {[%emt 0:0:6]} Rc7 {[%emt 0:0:9]} 24. Nd4 {[%emt 0:0:4]} Be4 {[%emt 0:0:11]} 25. Ng4 {[%emt 0:3:21]} Nxg4 {[%emt 0:0:18]} 26. hxg4 {[%emt 0:0:2]
} Bd5 {[%emt 0:0:1]} 27. f3 {[%emt 0:0:16]} g6 {[%emt 0:0:15]
} 28. Kf2 {[%emt 0:0:4]} Kg7 {[%emt 0:0:38]} 29. Rd1 {[%emt 0:0:4]} a6 {[%emt 0:0:8]
} 30. Ke3 {[%emt 0:0:36]} Kf6 {[%emt 0:0:7]} 31. Rh1 {[%emt 0:0:0]} Kg7 {[%emt 0:0:2]} 32. Rd1 {[%emt 0:0:3]} b5 {[%emt 0:1:2]} 33. Rd2 {[%emt 0:1:9]} Rb7 {[%emt 0:0:44] Ke4} 1/2-1/2

[Event "FIDE World Rapid-ch Open 2018"]
[White "Lobanov, Sergei"]
[Black "Baron, Tal"]
[Site "St. Petersburg"]
[Round "14.87"]
[Annotator "ChessBase"]
[Result "1-0"]
[Date "2018.12.28"]
[WhiteElo "2526"]
[BlackElo "2532"]
[PlyCount "155"]
[TimeControl "900+10"]

1. e4 {[%emt 0:0:0]} e5 {[%emt 0:0:21]} 2. Nf3 {[%emt 0:0:0]} Nc6 {[%emt 0:0:2]
} 3. Bb5 {[%emt 0:0:0]} a6 {[%emt 0:0:1]} 4. Ba4 {[%emt 0:0:0]} Nf6 {[%emt 0:0:2]} 5. 0-0 {[%emt 0:0:0]} Be7 {[%emt 0:0:5]} 6. Re1 {[%emt 0:0:0]
} b5 {[%emt 0:0:1]} 7. Bb3 {[%emt 0:0:1]} d6 {[%emt 0:0:3]} 8. c3 {[%emt 0:0:1]} 0-0 {[%emt 0:0:2]} 9. h3 {[%emt 0:0:1]} Bb7 {[%emt 0:0:2]
} 10. d4 {[%emt 0:0:4]} Nd7 {[%emt 0:0:7]} 11. Nbd2 {[%emt 0:0:0]} exd4 {[%emt 0:0:3]} 12. cxd4 {[%emt 0:0:1]} Bf6 {[%emt 0:0:15]} 13. Nf1 {[%emt 0:0:5]} Na5 {[%emt 0:0:2]} 14. Bc2 {[%emt 0:0:1]} Re8 {[%emt 0:0:1]
} 15. Ng3 {[%emt 0:0:26]} g6 {[%emt 0:0:9]} 16. Rb1 {[%emt 0:0:0]} c5 {[%emt 0:0:7]} 17. d5 {[%emt 0:0:1]} Nc4 {[%emt 0:0:2]} 18. b3 {[%emt 0:0:24]} Nce5 {[%emt 0:0:48]} 19. Nxe5 {[%emt 0:0:3]} Bxe5 {[%emt 0:0:0]} 20. f4 {[%emt 0:0:30]} Bc3 {[%emt 0:0:37]} 21. Rf1 {[%emt 0:0:19]} Bg7 {[%emt 0:1:2]} 22. Kh2 {[%emt 0:1:11]} a5 {[%emt 0:0:47]} 23. Bd3 {[%emt 0:1:26]
} Ba6 {[%emt 0:0:31]} 24. a4 {[%emt 0:1:58]} bxa4 {[%emt 0:0:0]} 25. Bxa6 {[%emt 0:0:2]} Rxa6 {[%emt 0:0:1]} 26. bxa4 {[%emt 0:0:1]} Rb6 {[%emt 0:0:4]} 27. Bd2 {[%emt 0:0:32]} Rxb1 {[%emt 0:0:2]} 28. Qxb1 {[%emt 0:0:4]
} Qb6 {[%emt 0:0:4]} 29. Qxb6 {[%emt 0:1:11]} Nxb6 {[%emt 0:0:0]} 30. Bxa5 {[%emt 0:0:2]} Nxa4 {[%emt 0:0:3]} 31. e5 {[%emt 0:2:5]} dxe5 {[%emt 0:0:56]} 32. d6 {[%emt 0:0:10]} exf4 {[%emt 0:0:6]} 33. Rxf4 {[%emt 0:0:48]
} Be5 {[%emt 0:1:3]} 34. d7 {[%emt 0:0:5]} Rd8 {[%emt 0:0:0]} 35. Bxd8 {[%emt 0:3:51]} Bxf4 {[%emt 0:0:2]} 36. Ba5 {[%emt 0:0:50]} Bg5 {[%emt 0:0:1]} 37. Ne4 {[%emt 0:0:1]} Be7 {[%emt 0:0:2]} 38. d8=Q+ {[%emt 0:1:35]
} Bxd8 {[%emt 0:0:1]} 39. Bxd8 {[%emt 0:0:2]} f5 {[%emt 0:0:0]} 40. Nd6 {[%emt 0:0:1]} Nc3 {[%emt 0:0:35]} 41. Kg3 {[%emt 0:0:5]} Ne2+ {[%emt 0:0:3]} 42. Kf2 {[%emt 0:0:48]} Nf4 {[%emt 0:0:2]} 43. Bb6 {[%emt 0:1:7]
} Ne6 {[%emt 0:0:5]} 44. Ke3 {[%emt 0:0:18]} Kg7 {[%emt 0:0:0]} 45. Nb7 {[%emt 0:0:1]} c4 {[%emt 0:0:15]} 46. Ba5 {[%emt 0:0:10]} Kf6 {[%emt 0:0:8]} 47. Bc3+ {[%emt 0:0:17]} Kg5 {[%emt 0:0:5]} 48. Nd6 {[%emt 0:0:1]
} Nc7 {[%emt 0:1:37]} 49. Kf3 {[%emt 0:0:26]} Nd5 {[%emt 0:0:0]} 50. Bd2+ {[%emt 0:0:34]} Kf6 {[%emt 0:0:47]} 51. Nxc4 {[%emt 0:0:1]} g5 {[%emt 0:0:6]} 52. Ne3 {[%emt 0:0:14]} Ne7 {[%emt 0:0:30]} 53. Bb4 {[%emt 0:0:26]
} Ng6 {[%emt 0:0:15]} 54. Bc3+ {[%emt 0:0:7]} Ke6 {[%emt 0:0:0]} 55. g4 {[%emt 0:0:15]} Nh4+ {[%emt 0:0:10]} 56. Kf2 {[%emt 0:0:10]} fxg4 {[%emt 0:0:13]} 57. hxg4 {[%emt 0:0:1]} Ng6 {[%emt 0:0:36]} 58. Nf1 {[%emt 0:0:3]
} Nf4 {[%emt 0:0:36]} 59. Ng3 {[%emt 0:0:17]} Kf7 {[%emt 0:0:0]} 60. Bd2 {[%emt 0:0:11]} Nd3+ {[%emt 0:0:10]} 61. Kg2 {[%emt 0:0:15]} Ne5 {[%emt 0:0:36]} 62. Kh3 {[%emt 0:0:1]} h6 {[%emt 0:0:32]} 63. Nh5 {[%emt 0:0:3]
} Nc4 {[%emt 0:0:5]} 64. Bc3 {[%emt 0:0:3]} Ne3 {[%emt 0:0:0]} 65. Kg3 {[%emt 0:0:8]} Nd5 {[%emt 0:0:0]} 66. Bd4 {[%emt 0:0:16]} Nc7 {[%emt 0:0:32]} 67. Kf3 {[%emt 0:0:3]} Ne6 {[%emt 0:0:0]} 68. Ke4 {[%emt 0:0:9]
} Kg6 {[%emt 0:0:25]} 69. Ke5 {[%emt 0:0:1]} Nc7 {[%emt 0:0:0]} 70. Bb2 {[%emt 0:0:11]} Na6 {[%emt 0:0:8]} 71. Ba3 {[%emt 0:0:8]} Nc7 {[%emt 0:0:1]} 72. Ng3 {[%emt 0:0:26]} Ne8 {[%emt 0:0:38]} 73. Nh5 {[%emt 0:0:10]
} Nc7 {[%emt 0:0:2]} 74. Bb4 {[%emt 0:0:3]} Ne8 {[%emt 0:0:0]} 75. Bd6 {[%emt 0:0:32]} Kf7 {[%emt 0:0:4]} 76. Bb8 {[%emt 0:0:3]} Ke7 {[%emt 0:1:28]} 77. Kf5 {[%emt 0:0:3]} Kd7 {[%emt 0:0:39]} 78. Nf6+ {[%emt 0:0:8]
} 1-0

[Event "FIDE World Rapid-ch Open 2018"]
[White "Makarov, Marat"]
[Black "Chen, Qi b"]
[Site "St. Petersburg"]
[Round "14.88"]
[Annotator "ChessBase"]
[Result "1/2-1/2"]
[Date "2018.12.28"]
[WhiteElo "2505"]
[BlackElo "2437"]
[PlyCount "56"]
[TimeControl "900+10"]

1. Nf3 {[%emt 0:1:8]} Nf6 {[%emt 0:0:0]} 2. c4 {[%emt 0:0:4]} g6 {[%emt 0:0:0]
} 3. g3 {[%emt 0:0:3]} Bg7 {[%emt 0:0:0]} 4. d4 {[%emt 0:0:0]} 0-0 {[%emt 0:0:0]} 5. Bg2 {[%emt 0:0:1]} d6 {[%emt 0:0:1]} 6. 0-0 {[%emt 0:0:5]
} Nc6 {[%emt 0:0:1]} 7. Nc3 {[%emt 0:0:2]} e5 {[%emt 0:0:1]
} 8. dxe5 {[%emt 0:0:10]} dxe5 {[%emt 0:0:2]} 9. Qxd8 {[%emt 0:0:2]} Rxd8 {[%emt 0:0:2]} 10. Bg5 {[%emt 0:0:2]} Be6 {[%emt 0:0:17]} 11. Nd2 {[%emt 0:0:18]
} h6 {[%emt 0:0:9]} 12. Bxf6 {[%emt 0:0:5]} Rxd2 {[%emt 0:0:0]} 13. Bxg7 {[%emt 0:0:3]} Kxg7 {[%emt 0:0:1]} 14. Bxc6 {[%emt 0:0:2]} bxc6 {[%emt 0:0:2]} 15. b3 {[%emt 0:0:1]} Rad8 {[%emt 0:0:2]} 16. Rfd1 {[%emt 0:0:49]
} R8d4 {[%emt 0:0:19]} 17. Rxd2 {[%emt 0:1:0]} Rxd2 {[%emt 0:0:0]} 18. Rc1 {[%emt 0:1:29]} Rb2 {[%emt 0:2:0]} 19. Kf1 {[%emt 0:0:36]} Kf6 {[%emt 0:1:43]} 20. Ke1 {[%emt 0:4:39]} Bf5 {[%emt 0:0:48]} 21. Kd1 {[%emt 0:0:57]
} h5 {[%emt 0:0:34]} 22. Ra1 {[%emt 0:0:55]} g5 {[%emt 0:2:0]
} 23. Ke1 {[%emt 0:3:16]} Rc2 {[%emt 0:2:55]} 24. Nd1 {[%emt 0:0:18]} g4 {[%emt 0:1:45]
} 25. Ne3 {[%emt 0:0:13]} Rb2 {[%emt 0:0:1]} 26. Nd1 {[%emt 0:0:0]} Rc2 {[%emt 0:0:1]} 27. Ne3 {[%emt 0:0:2]} Rb2 {[%emt 0:0:2]} 28. Nd1 {[%emt 0:0:1]} Rc2 {[%emt 0:0:7]} 1/2-1/2

[Event "FIDE World Rapid-ch Open 2018"]
[White "Sanikidze, Tornike"]
[Black "Shubin, Kirill"]
[Site "St. Petersburg"]
[Round "14.89"]
[Annotator "ChessBase"]
[Result "1-0"]
[Date "2018.12.28"]
[WhiteElo "2507"]
[BlackElo "2334"]
[PlyCount "63"]
[TimeControl "900+10"]

1. d4 {[%emt 0:0:0]} e6 {[%emt 0:0:0]} 2. c4 {[%emt 0:0:0]} Nf6 {[%emt 0:0:0]} 3. Nf3 {[%emt 0:0:0]} Bb4+ {[%emt 0:0:0]} 4. Bd2 {[%emt 0:0:2]} a5 {[%emt 0:0:0]} 5. Nc3 {[%emt 0:0:1]} b6 {[%emt 0:0:6]} 6. e3 {[%emt 0:0:0]} Bb7 {[%emt 0:0:4]} 7. Bd3 {[%emt 0:0:2]} d5 {[%emt 0:0:2]} 8. cxd5 {[%emt 0:0:6]} exd5 {[%emt 0:0:4]} 9. Qc2 {[%emt 0:0:6]} 0-0 {[%emt 0:0:9]
} 10. 0-0 {[%emt 0:0:2]} Nbd7 {[%emt 0:0:17]} 11. a3 {[%emt 0:0:0]} Be7 {[%emt 0:0:6]} 12. Ne5 {[%emt 0:0:3]} c5 {[%emt 0:0:29]} 13. Rad1 {[%emt 0:0:2]} c4 {[%emt 0:0:48]} 14. Bf5 {[%emt 0:0:21]} g6 {[%emt 0:0:0]} 15. Bh3 {[%emt 0:0:1]} Nxe5 {[%emt 0:1:19]} 16. dxe5 {[%emt 0:0:11]
} Nd7 {[%emt 0:0:34]} 17. f4 {[%emt 0:1:59]} Nc5 {[%emt 0:0:12]} 18. f5 {[%emt 0:0:1]
} Nd3 {[%emt 0:0:57]} 19. f6 {[%emt 0:0:1]} Bc5 {[%emt 0:0:0]} 20. e6 {[%emt 0:0:0]} Qd6 {[%emt 0:1:18]} 21. e7 {[%emt 0:0:8]} Rfe8 {[%emt 0:0:2]} 22. Nb5 {[%emt 0:0:39]} Qe5 {[%emt 0:0:17]} 23. Bd7 {[%emt 0:0:1]
} Reb8 {[%emt 0:2:38]} 24. Kh1 {[%emt 0:0:13]} d4 {[%emt 0:0:0]} 25. exd4 {[%emt 0:0:48]} Qe2 {[%emt 0:0:51]} 26. Bh3 {[%emt 0:0:21]} Qh5 {[%emt 0:1:46]} 27. dxc5 {[%emt 0:0:20]} Qxh3 {[%emt 0:0:3]} 28. Bf4 {[%emt 0:0:2]
} Nxf4 {[%emt 0:1:12]} 29. Rxf4 {[%emt 0:0:2]} bxc5 {[%emt 0:0:0]} 30. Nc7 {[%emt 0:0:10]} Qe3 {[%emt 0:0:30]} 31. Nxa8 {[%emt 0:0:19]} h5 {[%emt 0:0:17]} 32. Qf2 {[%emt 0:1:14]} 1-0

[Event "FIDE World Rapid-ch Open 2018"]
[White "Pogosyan, Stefan"]
[Black "Gordievsky, Dmitry"]
[Site "St. Petersburg"]
[Round "14.90"]
[Annotator "ChessBase"]
[Result "1/2-1/2"]
[Date "2018.12.28"]
[WhiteElo "2365"]
[BlackElo "2614"]
[PlyCount "111"]
[TimeControl "900+10"]

1. d4 {[%emt 0:0:12]} f5 {[%emt 0:0:0]} 2. c4 {[%emt 0:0:4]} Nf6 {[%emt 0:0:0]} 3. Nc3 {[%emt 0:0:7]} d6 {[%emt 0:0:0]} 4. Nf3 {[%emt 0:0:3]} g6 {[%emt 0:0:0]} 5. g3 {[%emt 0:0:6]} Bg7 {[%emt 0:0:0]} 6. Bg2 {[%emt 0:0:0]} 0-0 {[%emt 0:0:2]} 7. 0-0 {[%emt 0:0:3]} c6 {[%emt 0:0:2]} 8. d5 {[%emt 0:0:16]} e5 {[%emt 0:0:2]} 9. dxe6 {[%emt 0:0:13]} Bxe6 {[%emt 0:0:0]} 10. b3 {[%emt 0:0:23]} Na6 {[%emt 0:0:2]} 11. Bb2 {[%emt 0:0:16]} Nc5 {[%emt 0:0:6]} 12. Qc2 {[%emt 0:0:9]} Qe7 {[%emt 0:0:6]} 13. Rad1 {[%emt 0:0:6]
} Rad8 {[%emt 0:0:5]} 14. Rfe1 {[%emt 0:0:42]} Bc8 {[%emt 0:0:0]} 15. e3 {[%emt 0:0:31]} Nce4 {[%emt 0:0:34]} 16. Nxe4 {[%emt 0:1:0]} fxe4 {[%emt 0:0:15]} 17. Nd4 {[%emt 0:0:22]} Ng4 {[%emt 0:0:39]} 18. Rd2 {[%emt 0:0:9]
} d5 {[%emt 0:0:18]} 19. cxd5 {[%emt 0:0:44]} cxd5 {[%emt 0:0:0]} 20. Red1 {[%emt 0:2:31]} a6 {[%emt 0:1:33]} 21. h3 {[%emt 0:3:36]} Ne5 {[%emt 0:0:11]} 22. Ne2 {[%emt 0:0:2]} Nf3+ {[%emt 0:8:19]} 23. Bxf3 {[%emt 0:0:22]
} exf3 {[%emt 0:0:1]} 24. Nf4 {[%emt 0:1:0]} Bf5 {[%emt 0:0:0]} 25. Qc1 {[%emt 0:0:4]} Rc8 {[%emt 0:0:31]} 26. Qa1 {[%emt 0:0:1]} Bh6 {[%emt 0:3:7]} 27. Rxd5 {[%emt 0:1:6]} Bxf4 {[%emt 0:0:14]} 28. exf4 {[%emt 0:0:23]
} Bxh3 {[%emt 0:0:13]} 29. Re1 {[%emt 0:1:26]} Qf7 {[%emt 0:0:0]} 30. Qd1 {[%emt 0:0:16]} h5 {[%emt 0:1:31]} 31. Qxf3 {[%emt 0:2:2]} Rfe8 {[%emt 0:0:18]} 32. Rxe8+ {[%emt 0:0:58]} Rxe8 {[%emt 0:0:2]} 33. Qc3 {[%emt 0:0:33]} Kh7 {[%emt 0:0:2]} 34. Rc5 {[%emt 0:0:1]} Bd7 {[%emt 0:0:0]} 35. Rc7 {[%emt 0:0:2]} Kh6 {[%emt 0:0:17]} 36. Qd4 {[%emt 0:0:17]} Bc6 {[%emt 0:0:1]} 37. Qg7+ {[%emt 0:0:34]} Qxg7 {[%emt 0:0:2]} 38. Bxg7+ {[%emt 0:0:1]
} Kh7 {[%emt 0:0:1]} 39. Bf6+ {[%emt 0:0:1]} Kg8 {[%emt 0:0:0]} 40. f3 {[%emt 0:0:28]} Re2 {[%emt 0:0:24]} 41. Rg7+ {[%emt 0:0:13]} Kf8 {[%emt 0:0:1]} 42. Rxg6 {[%emt 0:0:1]} Bxf3 {[%emt 0:0:24]} 43. a4 {[%emt 0:0:25]
} Kf7 {[%emt 0:0:7]} 44. Rh6 {[%emt 0:0:1]} Rg2+ {[%emt 0:0:0]} 45. Kf1 {[%emt 0:0:1]} Rxg3 {[%emt 0:0:1]} 46. Kf2 {[%emt 0:0:20]} Rh3 {[%emt 0:0:2]} 47. Bg5 {[%emt 0:0:20]} Bc6 {[%emt 0:0:14]} 48. b4 {[%emt 0:0:13]
} Rf3+ {[%emt 0:0:38]} 49. Ke2 {[%emt 0:0:4]} Rb3 {[%emt 0:0:0]} 50. f5 {[%emt 0:0:4]} Rxb4 {[%emt 0:0:8]} 51. a5 {[%emt 0:0:22]} Re4+ {[%emt 0:0:7]} 52. Kd2 {[%emt 0:0:14]} Re5 {[%emt 0:0:3]} 53. Rf6+ {[%emt 0:0:1]
} Kg7 {[%emt 0:0:2]} 54. Rg6+ {[%emt 0:0:1]} Kf7 {[%emt 0:0:0]} 55. Rf6+ {[%emt 0:0:1]} Ke8 {[%emt 0:0:19]} 56. Re6+ {[%emt 0:0:2]} 1/2-1/2

[Event "FIDE World Rapid-ch Open 2018"]
[White "Vaisser, Anatoli"]
[Black "Ovchinnikov, Vsevolod"]
[Site "St. Petersburg"]
[Round "14.91"]
[Annotator "ChessBase"]
[Result "1-0"]
[Date "2018.12.28"]
[WhiteElo "2505"]
[BlackElo "2329"]
[PlyCount "89"]
[TimeControl "900+10"]

1. d4 {[%emt 0:0:0]} Nf6 {[%emt 0:0:0]} 2. c4 {[%emt 0:0:0]} g6 {[%emt 0:0:0]} 3. Nc3 {[%emt 0:0:0]} d5 {[%emt 0:0:0]} 4. cxd5 {[%emt 0:0:1]} Nxd5 {[%emt 0:0:0]} 5. e4 {[%emt 0:0:1]} Nxc3 {[%emt 0:0:0]} 6. bxc3 {[%emt 0:0:2]
} Bg7 {[%emt 0:0:0]} 7. Bg5 {[%emt 0:0:1]} c5 {[%emt 0:0:28]
} 8. Rc1 {[%emt 0:0:4]} 0-0 {[%emt 0:0:24]} 9. Nf3 {[%emt 0:0:17]} Bg4 {[%emt 0:0:11]
} 10. d5 {[%emt 0:0:27]} Nd7 {[%emt 0:1:54]} 11. Be2 {[%emt 0:0:0]} h6 {[%emt 0:3:6]} 12. Be3 {[%emt 0:0:22]} f5 {[%emt 0:2:27]} 13. exf5 {[%emt 0:0:19]} Bxf5 {[%emt 0:0:21]} 14. 0-0 {[%emt 0:1:38]} g5 {[%emt 0:0:30]
} 15. Qb3 {[%emt 0:1:56]} b6 {[%emt 0:0:24]} 16. Rcd1 {[%emt 0:0:0]} Kh8 {[%emt 0:0:49]} 17. Rfe1 {[%emt 0:0:58]} Qc7 {[%emt 0:1:1]} 18. Nd2 {[%emt 0:0:35]} Nf6 {[%emt 0:1:30]} 19. f3 {[%emt 0:1:11]} Rad8 {[%emt 0:0:41]
} 20. c4 {[%emt 0:0:13]} e6 {[%emt 0:0:23]} 21. Nf1 {[%emt 0:0:0]} Rfe8 {[%emt 0:1:18]} 22. Bf2 {[%emt 0:0:25]} exd5 {[%emt 0:2:6]} 23. cxd5 {[%emt 0:0:3]} Bh7 {[%emt 0:0:11]} 24. Bc4 {[%emt 0:0:59]} Rxe1 {[%emt 0:0:39]
} 25. Bxe1 {[%emt 0:0:27]} Ne8 {[%emt 0:0:8]} 26. Bg3 {[%emt 0:0:10]
} Nd6 {[%emt 0:0:6]} 27. Nd2 {[%emt 0:0:21]} Qf7 {[%emt 0:0:0]} 28. Bxd6 {[%emt 0:2:13]} Rxd6 {[%emt 0:0:1]} 29. Re1 {[%emt 0:0:3]} Rd8 {[%emt 0:0:27]} 30. Ne4 {[%emt 0:0:54]} Bd4+ {[%emt 0:0:15]} 31. Kh1 {[%emt 0:0:18]
} Qf4 {[%emt 0:0:6]} 32. g3 {[%emt 0:0:10]} Qf5 {[%emt 0:0:0]} 33. Kg2 {[%emt 0:0:22]} Qe5 {[%emt 0:0:14]} 34. Re2 {[%emt 0:0:14]} g4 {[%emt 0:0:11]} 35. Nf2 {[%emt 0:0:46]} gxf3+ {[%emt 0:0:3]} 36. Qxf3 {[%emt 0:0:2]
} Qg7 {[%emt 0:0:18]} 37. Nh3 {[%emt 0:0:26]} Rf8 {[%emt 0:0:0]} 38. Nf4 {[%emt 0:0:15]} Bf5 {[%emt 0:0:6]} 39. h3 {[%emt 0:0:13]} Qg5 {[%emt 0:0:11]} 40. Kh2 {[%emt 0:0:24]} Qf6 {[%emt 0:0:14]} 41. Bd3 {[%emt 0:0:9]
} Bxd3 {[%emt 0:0:11]} 42. Qxd3 {[%emt 0:0:6]} Rg8 {[%emt 0:0:0]} 43. Re6 {[%emt 0:0:7]} Qg7 {[%emt 0:0:10]} 44. Ng6+ {[%emt 0:0:14]} Kh7 {[%emt 0:0:2]} 45. Re7 {[%emt 0:0:7]} 1-0

[Event "FIDE World Rapid-ch Open 2018"]
[White "Vlassov, Nikolai"]
[Black "Perdomo, Carlos Andres"]
[Site "St. Petersburg"]
[Round "14.92"]
[Annotator "NA"]
[Result "1-0"]
[Date "2018.12.28"]
[WhiteElo "2401"]
[BlackElo "2301"]
[PlyCount "93"]
[TimeControl "900+10"]

1. e4 c5 {[%emt 0:0:51]} 2. c3 {[%emt 0:0:0]} Nf6 {[%emt 0:0:7]} 3. e5 {[%emt 0:0:0]
} Nd5 {[%emt 0:0:1]} 4. d4 {[%emt 0:0:0]} cxd4 {[%emt 0:0:0]} 5. cxd4 {[%emt 0:0:0]} e6 {[%emt 0:0:7]} 6. Nc3 {[%emt 0:0:0]} Nxc3 {[%emt 0:0:34]} 7. bxc3 {[%emt 0:0:0]} d6 {[%emt 0:0:5]} 8. f4 {[%emt 0:0:0]} dxe5 {[%emt 0:0:45]} 9. fxe5 {[%emt 0:0:2]} Qh4+ {[%emt 0:0:8]} 10. Ke2 {[%emt 0:0:10]} Bd7 {[%emt 0:0:43]} 11. Nf3 {[%emt 0:0:2]} Qd8 {[%emt 0:2:23]
} 12. Kf2 {[%emt 0:0:8]} Be7 {[%emt 0:0:7]} 13. Bd3 {[%emt 0:0:0]} Bc6 {[%emt 0:0:44]} 14. Rf1 {[%emt 0:1:30]} Nd7 {[%emt 0:2:15]} 15. Kg1 {[%emt 0:0:2]} 0-0 {[%emt 0:1:37]} 16. Qc2 {[%emt 0:0:11]} h6 {[%emt 0:0:0]} 17. Be3 {[%emt 0:0:20]} Rc8 {[%emt 0:0:11]} 18. Qd2 {[%emt 0:0:13]} Bxf3 {[%emt 0:1:3]} 19. Rxf3 {[%emt 0:0:3]} Bg5 {[%emt 0:0:1]} 20. Raf1 {[%emt 0:0:17]
} Bxe3+ {[%emt 0:4:12]} 21. Qxe3 {[%emt 0:0:1]} Rxc3 {[%emt 0:0:0]} 22. Bh7+ {[%emt 0:0:39]} Kxh7 {[%emt 0:0:1]} 23. Qxc3 {[%emt 0:0:0]} Kg8 {[%emt 0:0:51]} 24. Qe3 {[%emt 0:1:32]} Qe7 {[%emt 0:0:41]} 25. Rg3 {[%emt 0:0:14]} Kh8 {[%emt 0:0:7]} 26. Rf4 {[%emt 0:0:19]} f5 {[%emt 0:0:0]} 27. exf6 {[%emt 0:0:7]} Rxf6 {[%emt 0:0:11]} 28. Rxf6 {[%emt 0:0:11]} Nxf6 {[%emt 0:0:2]} 29. Qe5 {[%emt 0:0:32]} Qb4 {[%emt 0:0:11]} 30. h3 {[%emt 0:0:30]
} Qb1+ {[%emt 0:0:12]} 31. Kh2 {[%emt 0:0:2]} Qxa2 {[%emt 0:0:0]} 32. Qb8+ {[%emt 0:0:11]} Kh7 {[%emt 0:0:9]} 33. Qxb7 {[%emt 0:0:2]
} Nh5 {[%emt 0:0:4]} 34. Qe4+ {[%emt 0:0:9]} Kg8 {[%emt 0:0:4]} 35. Rc3 {[%emt 0:0:13]
} Qd5 {[%emt 0:0:34]} 36. Rc8+ {[%emt 0:1:38]} Kf7 {[%emt 0:0:0]} 37. Rc7+ {[%emt 0:0:2]} Kg8 {[%emt 0:0:11]} 38. Qxd5 {[%emt 0:0:10]} exd5 {[%emt 0:0:1]} 39. Rxa7 {[%emt 0:0:2]} Nf4 {[%emt 0:0:21]} 40. Rd7 {[%emt 0:0:16]
} Kh7 {[%emt 0:0:16]} 41. g3 {[%emt 0:0:4]} Ne2 {[%emt 0:0:0]} 42. Rxd5 {[%emt 0:0:2]} Kg6 {[%emt 0:0:1]} 43. Kg2 {[%emt 0:0:37]} Kf6 {[%emt 0:0:4]} 44. Kf3 {[%emt 0:0:16]} Ng1+ {[%emt 0:0:6]} 45. Kg4 {[%emt 0:0:57]
} g6 {[%emt 0:0:6]} 46. Rd6+ {[%emt 0:0:5]} Kf7 {[%emt 0:0:0]} 47. h4 {[%emt 0:0:24]} 1-0

[Event "FIDE World Rapid-ch Open 2018"]
[White "Danielyan, Vahe"]
[Black "Zakhartsov, Vladimir"]
[Site "St. Petersburg"]
[Round "14.93"]
[Annotator "ChessBase"]
[Result "0-1"]
[Date "2018.12.28"]
[WhiteElo "2220"]
[BlackElo "2486"]
[PlyCount "62"]
[TimeControl "900+10"]

1. d4 {[%emt 0:0:0]} Nf6 {[%emt 0:0:0]} 2. Bg5 {[%emt 0:0:0]} Ne4 {[%emt 0:0:0]
} 3. h4 {[%emt 0:0:0]} h6 {[%emt 0:0:9]} 4. Bf4 {[%emt 0:0:0]} d5 {[%emt 0:0:3]} 5. Nd2 {[%emt 0:0:2]} Nf6 {[%emt 0:0:3]} 6. e3 {[%emt 0:0:1]
} c5 {[%emt 0:0:1]} 7. Ngf3 {[%emt 0:0:3]} Nc6 {[%emt 0:0:0]} 8. c3 {[%emt 0:0:3]} Bg4 {[%emt 0:0:4]} 9. Qb3 {[%emt 0:0:6]} Bc8 {[%emt 0:0:25]
} 10. Bb5 {[%emt 0:0:4]} c4 {[%emt 0:0:16]} 11. Qc2 {[%emt 0:0:0]} Qb6 {[%emt 0:0:37]} 12. Bxc6+ {[%emt 0:0:8]} bxc6 {[%emt 0:0:27]} 13. Ne5 {[%emt 0:0:14]} g6 {[%emt 0:0:25]} 14. f3 {[%emt 0:0:33]} Bg7 {[%emt 0:0:9]
} 15. g4 {[%emt 0:0:14]} Nd7 {[%emt 0:0:31]} 16. Nxg6 {[%emt 0:0:0]} fxg6 {[%emt 0:0:2]} 17. Qxg6+ {[%emt 0:0:2]} Kf8 {[%emt 0:0:1]} 18. Ke2 {[%emt 0:0:16]} c5 {[%emt 0:0:18]} 19. Qc2 {[%emt 0:0:26]} cxd4 {[%emt 0:0:8]
} 20. exd4 {[%emt 0:0:11]} e5 {[%emt 0:0:17]} 21. dxe5 {[%emt 0:0:55]
} Nxe5 {[%emt 0:0:5]} 22. Bxe5 {[%emt 0:1:57]} Bxe5 {[%emt 0:0:0]} 23. Rae1 {[%emt 0:0:5]} Bg3 {[%emt 0:0:38]} 24. Ref1 {[%emt 0:0:2]
} Rb8 {[%emt 0:0:21]} 25. Qa4 {[%emt 0:1:51]} Bf4 {[%emt 0:0:34]} 26. Re1 {[%emt 0:0:55]
} Rh7 {[%emt 0:2:8]} 27. Kf1 {[%emt 0:1:17]} Bd7 {[%emt 0:0:0]} 28. Qc2 {[%emt 0:0:1]} Rf7 {[%emt 0:0:3]} 29. Re2 {[%emt 0:2:12]} Qxb2 {[%emt 0:0:57]} 30. Qg6 {[%emt 0:0:3]} Rb6 {[%emt 0:0:59]} 31. Qh5 {[%emt 0:0:25]
} Qxc3 {[%emt 0:0:50]} 0-1

[Event "FIDE World Rapid-ch Open 2018"]
[White "Apryshko, Gleb"]
[Black "Gaifullin, Artur"]
[Site "St. Petersburg"]
[Round "14.94"]
[Annotator "NA"]
[Result "1-0"]
[Date "2018.12.28"]
[WhiteElo "2385"]
[BlackElo "2448"]
[PlyCount "119"]
[TimeControl "900+10"]

1. e4 {[%emt 0:2:2]} c6 {[%emt 0:0:0]} 2. d3 {[%emt 0:0:19]} d5 {[%emt 0:0:0]} 3. Nd2 {[%emt 0:0:1]} e5 {[%emt 0:0:58]} 4. Ngf3 {[%emt 0:0:2]} Bd6 {[%emt 0:0:1]} 5. g3 {[%emt 0:0:1]} Nf6 {[%emt 0:0:4]} 6. Bg2 {[%emt 0:0:1]
} 0-0 {[%emt 0:0:2]} 7. 0-0 {[%emt 0:0:1]} Re8 {[%emt 0:0:0]} 8. b3 {[%emt 0:4:6]} a5 {[%emt 0:1:31]} 9. a3 {[%emt 0:0:7]} Nbd7 {[%emt 0:0:16]
} 10. Bb2 {[%emt 0:0:1]} Qc7 {[%emt 0:0:19]} 11. Qe2 {[%emt 0:0:0]} d4 {[%emt 0:0:15]} 12. Bh3 {[%emt 0:1:22]} a4 {[%emt 0:0:7]} 13. b4 {[%emt 0:0:4]} c5 {[%emt 0:0:2]} 14. b5 {[%emt 0:1:11]} Nb6 {[%emt 0:0:0]} 15. Bxc8 {[%emt 0:0:26]} Rexc8 {[%emt 0:0:26]} 16. Nc4 {[%emt 0:0:4]} Nxc4 {[%emt 0:0:26]} 17. dxc4 {[%emt 0:0:1]} Qd7 {[%emt 0:0:2]} 18. Nd2 {[%emt 0:1:40]
} Qh3 {[%emt 0:0:11]} 19. f3 {[%emt 0:0:18]} Bf8 {[%emt 0:0:0]} 20. Rf2 {[%emt 0:1:22]} Ne8 {[%emt 0:0:14]} 21. Qd3 {[%emt 0:0:31]} Nd6 {[%emt 0:0:4]} 22. f4 {[%emt 0:0:0]} Re8 {[%emt 0:0:32]} 23. Re1 {[%emt 0:0:0]} exf4 {[%emt 0:0:46]} 24. gxf4 {[%emt 0:0:4]} Qg4+ {[%emt 0:0:21]} 25. Kh1 {[%emt 0:0:4]} Qh4 {[%emt 0:0:11]} 26. Ref1 {[%emt 0:0:21]} g6 {[%emt 0:1:42]
} 27. e5 {[%emt 0:0:25]} Nf5 {[%emt 0:0:1]} 28. Ne4 {[%emt 0:0:0]} Bg7 {[%emt 0:0:33]} 29. Nxc5 {[%emt 0:0:17]} Ne3 30. Bxd4 Nxf1 {[%emt 0:0:11]
} 31. Qxf1 {[%emt 0:0:1]} Rad8 {[%emt 0:0:26]} 32. c3 {[%emt 0:0:1]
} Qe7 {[%emt 0:0:36]} 33. Ne4 {[%emt 0:0:18]} Qxa3 34. c5 Qb3 {[%emt 0:0:33]
} 35. Nd6 {[%emt 0:0:11]} Rf8 {[%emt 0:0:8]} 36. Qc4 {[%emt 0:0:0]} Ra8 {[%emt 0:3:22]} 37. Qxb3 {[%emt 0:1:4]} axb3 {[%emt 0:0:1]} 38. Rb2 {[%emt 0:0:0]} Ra1+ {[%emt 0:0:23]} 39. Kg2 {[%emt 0:1:8]} Ra2 40. Rxa2 bxa2 {[%emt 0:0:2]} 41. c4 {[%emt 0:0:1]} f6 {[%emt 0:0:10]} 42. c6 {[%emt 0:0:19]
} bxc6 {[%emt 0:1:59]} 43. bxc6 {[%emt 0:0:6]} Bh6 {[%emt 0:0:0]} 44. exf6 {[%emt 0:1:3]} Bxf4 {[%emt 0:0:5]} 45. c5 {[%emt 0:0:27]} Ra8 {[%emt 0:2:27]} 46. c7 {[%emt 0:0:13]} Be3 {[%emt 0:0:24]} 47. f7+ {[%emt 0:0:2]
} Kf8 {[%emt 0:0:0]} 48. Bxe3 {[%emt 0:0:2]} a1=Q {[%emt 0:0:0]} 49. Bh6+ {[%emt 0:0:1]} Ke7 {[%emt 0:0:1]} 50. f8=Q+ {[%emt 0:0:0]} Rxf8 {[%emt 0:0:5]} 51. Bxf8+ {[%emt 0:0:3]} Kf6 {[%emt 0:0:14]} 52. Ne4+ {[%emt 0:0:3]} Kf7 {[%emt 0:0:45]} 53. c8=Q {[%emt 0:0:20]} Qa2+ {[%emt 0:0:1]
} 54. Kh3 {[%emt 0:0:1]} Qb3+ {[%emt 0:0:10]} 55. Ng3 {[%emt 0:0:1]
} h5 {[%emt 0:0:7]} 56. Bh6 {[%emt 0:0:20]} Qa4 {[%emt 0:0:0]} 57. Qc7+ {[%emt 0:0:7]} Ke6 {[%emt 0:0:3]} 58. Qd6+ {[%emt 0:0:4]} Kf7 {[%emt 0:0:1]} 59. Qf4+ {[%emt 0:0:16]} Ke6 {[%emt 0:0:6]} 60. Qxa4 {[%emt 0:0:2]
 Kd6} 1-0